|
|
|
|
| LEADER |
01421nam a22003493i 4500 |
| 001 |
39140 |
| 003 |
BD-DhAAL |
| 008 |
220727r19861979enk 000 0 eng d |
| 999 |
|
|
|c 44658
|d 44658
|
| 020 |
|
|
|a 0140431160
|
| 020 |
|
|
|a 9780140431162
|
| 035 |
|
|
|a (OCoLC)ocm05875963
|
| 040 |
|
|
|a IOD
|c IOD
|d TQL
|d OCL
|d OCLCQ
|d DLC
|d BD-DhAAL
|
| 050 |
0 |
0 |
|a CPB Box no. 948 vol. 23
|
| 082 |
|
|
|a 828.609
|
| 100 |
1 |
|
|a Boswell, James,
|d 1740-1795.
|9 50301
|
| 240 |
1 |
0 |
|a Life of Samuel Johnson
|
| 245 |
1 |
4 |
|a The life of Johnson;
|c edited and abridged with an introduction and notes by Christopher Hibbert.
|
| 260 |
|
|
|a Harmondsworth ;
|a New York :
|b Penguin Books,
|c 1979 [reprinted 1986].
|
| 300 |
|
|
|a 375 pages ;
|c 18 cm.
|
| 490 |
0 |
|
|a Penguin English library
|
| 500 |
|
|
|a Includes index.
|
| 541 |
|
|
|a Donated By Akbar Ali Khan
|e 39140
|
| 600 |
1 |
0 |
|a Johnson, Samuel,
|d 1709-1784.
|9 50302
|
| 650 |
|
|
|a Authors, English
|y 18th century
|v Biography.
|9 50303
|
| 650 |
|
|
|a English literature.
|9 50304
|
| 700 |
1 |
|
|a Hibbert, Christopher,
|d 1924-2008.
|9 50305
|
| 710 |
2 |
|
|a Copyright Paperback Collection (Library of Congress)
|5 DLC
|9 50306
|
| 830 |
|
|
|a Penguin English library
|9 50307
|
| 852 |
|
|
|a Ayesha Abed Library
|c Akbar Ali Khan Collection
|
| 942 |
|
|
|2 ddc
|c BK
|
| 952 |
|
|
|0 0
|1 0
|2 ddc
|4 0
|6 828_609000000000000_BOS
|7 1
|9 71344
|a BRACUL
|b BRACUL
|c AAKC
|d 2022-07-27
|e Donated by Akbar Ali Khan
|l 0
|o 828.609 BOS
|p 3010039140
|r 2022-07-27
|t 1
|w 2022-07-27
|y BK
|